000 01323cam a2200229 4500
001 ABS67787
008 040528n2004 000 0 eng u
035 _a(Sirsi) u126313
100 _aAppleton, J.
245 _aNot a black and white issue
260 _c2004
490 _aArchitects' Journal
_v219(18) 6 May 2004, 44(1)
520 _aDiscusses whether the under-representation of ethnic minorities in architecture is important or just inevitable. Recent surveys have found that 8% of architecture students had come across racial discrimination in their university or workplace. Recent statistics have also highlighted that, although ethnic minorities make up 6.7% of the economically active population, they only account for about 2% of those employed in construction. Under representation may be the result of lack of awareness of the opportunities available in the construction industry and because of the lack of appropriate role models. Warns that constant monitoring and special provisions for ethnic minorities may actually increase peoples awareness of race and encourage divisions.
590 _aABS
590 _aABS
650 _aETHNIC MINORITIES
650 _aEQUAL OPPORTUNITIES
650 _aRACIAL EQUALITY
650 _aARCHITECTURE
690 _aBUILDING AND CONSTRUCTION
942 _n0
999 _c117415
_d117415